000 00457nam a2200181Ia 4500
001 18369
005 20260306171625.0
008 260306s9999||||xx |||||||||||||| ||und||
041 _aESP
082 _a658.4034
_bO74
100 _aOrtíz Ramírez, Miky G.
_eAUT
245 0 _aInvestigación de operaciones:
_bprogramación lineal
260 _c2015
300 _a308 páginas :
_c25 cm.
650 _aGEN
654 _aCAN
942 _cLIB
_dJUS
_fJUS
_2ddc
_n
999 _c18369
_d18369